| 000 | 01018nas a2200313 4500 | ||
|---|---|---|---|
| 001 | BR2012001321 | ||
| 003 | BR-BrBNA | ||
| 005 | 20231205120306.0 | ||
| 007 | ta | ||
| 008 | 230509b bl.|||p| |||| 00| 00por d | ||
| 040 |
_aBR-BrBNA _bpor _cBiblioteca Nacional de Agricultura |
||
| 041 | _a(Pt) | ||
| 072 | _aP33 | ||
| 100 | 1 | _aBonelli, E.A. | |
| 100 | 1 | _aBonfim-Silva, E.M. | |
| 100 | 1 | _aCabral, C.E.A. | |
| 100 | 1 | _aCampos, J.J. | |
| 100 | 1 | _aScaramuzza, W.L.M.P. | |
| 100 | 1 | _aPolizel, A.C. | |
| 245 | 1 | _aCompactação do solo: Efeitos nas características produtivas e morfológicas dos capins Piatã e Mombaça | |
| 650 | _aPASTAGEM | ||
| 650 | _aGRAMÍNEA | ||
| 650 | _aMANEJO DO SOLO | ||
| 650 | _aTEXTURA DO SOLO | ||
| 773 | 0 |
_tRevista Brasileira de Engenharia Agrícola e Ambiental (Brazil) _xISSN 1807-1929 _g(Mar 2011), v.15(3) p. 264-269 _wBR2012001321 |
|
| 856 | 4 | 0 | _uhttp://www.scielo.br/pdf/rbeaa/v15n3/v15n3a07.pdf |
| 909 |
_a202311 _bLúcia _c55 _dLúcia Elande |
||
| 942 |
_2AGRIS _n0 _cANA |
||
| 999 |
_c217776 _d217776 |
||